Ciencia social, política y compromiso en America Latina /
Salvato in:
| Autore principale: | |
|---|---|
| Natura: | testo |
| Tags: |
Aggiungi Tag
Nessun Tag, puoi essere il primo ad aggiungerne!!
|
MARC
| LEADER | 00000 a a2200000 04500 | ||
|---|---|---|---|
| 001 | 40605 | ||
| 003 | |||
| 040 | |||
| 100 | |a Lanz, Rigoberto | ||
| 245 | |a Ciencia social, política y compromiso en America Latina / |c Rigoberto Lanz | ||
| 773 | |g volumen3, (XI Congreso Latinoamericano de Sociología ), [páginas 125-139] | ||
| 999 | |c 39070 |d 39070 | ||
